| 000 | 00914nam a2200301 a 4500 | ||
|---|---|---|---|
| 001 | 63369 | ||
| 003 | BD-RjUL | ||
| 005 | 20211209081206.0 | ||
| 008 | 170130s1933 enkf 001 0 eng d | ||
| 035 | _a(BD-RjUL)63498 | ||
| 035 | _a(OCoLC)2533731 | ||
| 040 |
_aDLC _cNBuU _dBD-RjUL _beng |
||
| 041 | _aeng | ||
| 082 |
_a932 _bBOE 1933 |
||
| 100 | 1 |
_aBoulton, William Henry, _d1869- _9188562 |
|
| 245 | 1 | 0 |
_aElam, Media and Persia / _cW. H. Boulton |
| 260 |
_aLondon : _bS. Low, Marston, _c1933 |
||
| 300 |
_aix, 182 p. : _bill. ; _c19 cm. |
||
| 490 | 1 |
_aHis The ancient lands and Bible series. _vNo. 5 |
|
| 500 | _aAt head of title: W. H. Boulton. | ||
| 500 | _aIncludes index . | ||
| 650 | 0 |
_aJews _xHistory _yTo 70 A.D. _9188563 |
|
| 651 | 0 |
_aIran _xHistory. _9188564 |
|
| 651 | 0 |
_aMedia (Ancient kingdom) _xHistory. _9188565 |
|
| 651 | 0 |
_aElam _xHistory. _9188566 |
|
| 942 |
_2ddc _cBK |
||
| 999 |
_c63369 _d63369 |
||